000 00818cam a22002413a 4500
001 20374
003 PGUSA
005 20140828083430.0
008 070115s2007||||xxu|||||s|||||000 | eng d
040 _aPGUSA
_beng
042 _adc
050 4 _aZ
100 1 _aHamilton, Frederick W.
_q(Frederick William),
_d1860-1940
245 1 0 _aCapitals :
_bA Primer of Information about Capitalization with some Practical Typographic Hints as to the Use of Capitals
_h[electronic resource] /
_cFrederick W. Hamilton
260 _bProject Gutenberg,
_c2007
506 _aPublic domain in the USA.
516 _aElectronic text
653 _aEnglish language -- Capitalization
653 _aPrinting -- Style manuals
830 0 _aProject Gutenberg
_v20374
856 4 0 _uhttp://www.gutenberg.org/ebooks/20374
942 _cEB
999 _c249629
_d249629